Fixed Income Securities: (Record no. 183368)

MARC details
000 -LEADER
fixed length control field 00657 a2200193 4500
005 - DATE AND TIME OF LATEST TRANSACTION
control field 20211223153806.0
010 ## - LCCN (DPL NO)
LC control number ENG-130529
020 ## - INTERNATIONAL STANDARD BOOK NUMBER
International Standard Book Number 978-93-5460-211-5
Terms of availability 3750.00
035 ## - SYSTEM CONTROL NUMBER
System control number EN-114061
037 ## - SOURCE OF ACQUISITION
Source of stock number/acquisition DBAD/PUB
082 ## - DEWEY DECIMAL CLASSIFICATION NUMBER
Classification number 332.632044
Item number 1
Edition number 9th,Ed.
245 ## - TITLE STATEMENT
Title Fixed Income Securities:
Statement of responsibility, etc Editied By FRANK J. FABOZZI
250 ## - EDITION STATEMENT
Edition statement 9th, Ed.
260 ## - PUBLICATION, DISTRIBUTION, ETC. (IMPRINT)
Place of publication, distribution, etc Chennai
Name of publisher, distributor, etc McGraw Hill Education(india) Private Limited
Date of publication, distribution, etc 2021
270 ## - ADDRESS
Address Anjana Complex No.5 /90 A, Butt Road, St. Thomas Mount
City Chennai
Postal code 600016
300 ## - PHYSICAL DESCRIPTION
Extent xxx, 1874p.
Dimensions 24cm (hbk)
Other physical details index
700 ## - ADDED ENTRY--PERSONAL NAME
Personal name Fabozzi, Frank J.
942 ## - ADDED ENTRY ELEMENTS (KOHA)
Institution code [OBSOLETE] dpl
Item type English Books
Source of classification or shelving scheme Dewey Decimal Classification
Classification part 332.632044
Call number suffix FIX
Holdings
Withdrawn status Lost status Not for loan Collection code Home library Current library Date acquired Source of acquisition Cost, normal purchase price Full call number Barcode Copy number Cost, replacement price Koha item type
      Reference Central Library Central Library 23/12/2021 DBAD/PUB 3750.00 332.632044 FIX EN-114061 1 3750.00 English Books

© Delhi Public Library
Hit Counter
free hit counter